<?xml version="1.0" encoding="UTF-8"?>
<record
    xmlns:xsi="http://www.w3.org/2001/XMLSchema-instance"
    xsi:schemaLocation="http://www.loc.gov/MARC21/slim http://www.loc.gov/standards/marcxml/schema/MARC21slim.xsd"
    xmlns="http://www.loc.gov/MARC21/slim">

  <leader>02891nam a2200577Ia 4500</leader>
  <controlfield tag="001">2097</controlfield>
  <controlfield tag="008">241029s9999    xx            000 0 und d</controlfield>
  <datafield tag="010" ind1=" " ind2=" ">
    <subfield code="a">1963</subfield>
  </datafield>
  <datafield tag="041" ind1=" " ind2=" ">
    <subfield code="a">Espa&#xF1;ol</subfield>
  </datafield>
  <datafield tag="082" ind1=" " ind2=" ">
    <subfield code="a">NO APLICA</subfield>
  </datafield>
  <datafield tag="245" ind1=" " ind2="0">
    <subfield code="a">Nivel de Conocimiento en los estudiantes de Educaci&#xF3;n Superior de la Republica Dominicana sobre la organizaci&#xF3;n y funciones de la Secretar&#xED;a de Estado de Educaci&#xF3;n Superior Ciencia y Tecnolog&#xED;a (SEESCyT)</subfield>
  </datafield>
  <datafield tag="260" ind1=" " ind2=" ">
    <subfield code="a">Santo Domingo</subfield>
  </datafield>
  <datafield tag="300" ind1=" " ind2=" ">
    <subfield code="a">127</subfield>
  </datafield>
  <datafield tag="520" ind1=" " ind2=" ">
    <subfield code="a">1</subfield>
  </datafield>
  <datafield tag="630" ind1=" " ind2=" ">
    <subfield code="a">Conocimientos previos</subfield>
  </datafield>
  <datafield tag="630" ind1=" " ind2=" ">
    <subfield code="a">Educaci&#xF3;n Superior</subfield>
  </datafield>
  <datafield tag="630" ind1=" " ind2=" ">
    <subfield code="a">Funciones</subfield>
  </datafield>
  <datafield tag="630" ind1=" " ind2=" ">
    <subfield code="a">Organizaci&#xF3;n</subfield>
  </datafield>
  <datafield tag="630" ind1=" " ind2=" ">
    <subfield code="a">Tecnolog&#xED;a Educativa</subfield>
  </datafield>
  <datafield tag="650" ind1=" " ind2=" ">
    <subfield code="a">Ejes Transversales (Ciencia y Tecnolog&#xED;a)</subfield>
  </datafield>
  <datafield tag="690" ind1=" " ind2=" ">
    <subfield code="a">Elaborado</subfield>
  </datafield>
  <datafield tag="700" ind1=" " ind2=" ">
    <subfield code="e">asesor</subfield>
    <subfield code="a">Acosta, Francisco </subfield>
  </datafield>
  <datafield tag="700" ind1=" " ind2=" ">
    <subfield code="e">autor</subfield>
    <subfield code="a">Pe&#xF1;a, Josefita P&#xE9;rez </subfield>
  </datafield>
  <datafield tag="700" ind1=" " ind2=" ">
    <subfield code="e">autor</subfield>
    <subfield code="a"> P&#xE9;rez Pe&#xF1;a, Mar&#xED;a de los Remedios </subfield>
  </datafield>
  <datafield tag="901" ind1=" " ind2=" ">
    <subfield code="a">{"1":"Pe&#xF1;a","2":" P&#xE9;rez Pe&#xF1;a"}</subfield>
    <subfield code="b">{"1":"Josefita P&#xE9;rez ","2":"Mar&#xED;a de los Remedios "}</subfield>
  </datafield>
  <datafield tag="902" ind1=" " ind2=" ">
    <subfield code="a">1</subfield>
  </datafield>
  <datafield tag="903" ind1=" " ind2=" ">
    <subfield code="a">{"1":"Acosta"}</subfield>
    <subfield code="b">{"1":"Francisco "}</subfield>
  </datafield>
  <datafield tag="904" ind1=" " ind2=" ">
    <subfield code="a">Maestr&#xED;a en</subfield>
  </datafield>
  <datafield tag="905" ind1=" " ind2=" ">
    <subfield code="a">Ense&#xF1;anza Superior</subfield>
  </datafield>
  <datafield tag="906" ind1=" " ind2=" ">
    <subfield code="a">2</subfield>
  </datafield>
  <datafield tag="907" ind1=" " ind2=" ">
    <subfield code="a">NO APLICA</subfield>
  </datafield>
  <datafield tag="908" ind1=" " ind2=" ">
    <subfield code="a">NO APLICA</subfield>
  </datafield>
  <datafield tag="909" ind1=" " ind2=" ">
    <subfield code="a">Universidad Aut&#xF3;noma de Santo Domingo (UASD)</subfield>
  </datafield>
  <datafield tag="910" ind1=" " ind2=" ">
    <subfield code="a">NULL</subfield>
    <subfield code="b">NULL</subfield>
  </datafield>
  <datafield tag="911" ind1=" " ind2=" ">
    <subfield code="a">["1"]</subfield>
  </datafield>
  <datafield tag="912" ind1=" " ind2=" ">
    <subfield code="a">NO APLICA</subfield>
  </datafield>
  <datafield tag="913" ind1=" " ind2=" ">
    <subfield code="a">NULL</subfield>
  </datafield>
  <datafield tag="914" ind1=" " ind2=" ">
    <subfield code="a">01 de Marzo de 2006</subfield>
  </datafield>
  <datafield tag="915" ind1=" " ind2=" ">
    <subfield code="a">NULL</subfield>
  </datafield>
  <datafield tag="916" ind1=" " ind2=" ">
    <subfield code="a">NULL</subfield>
  </datafield>
  <datafield tag="917" ind1=" " ind2=" ">
    <subfield code="a">NULL</subfield>
  </datafield>
  <datafield tag="918" ind1=" " ind2=" ">
    <subfield code="a">Educaci&#xF3;n para adultos</subfield>
  </datafield>
  <datafield tag="919" ind1=" " ind2=" ">
    <subfield code="a">["234","83","260","263","191"]</subfield>
  </datafield>
  <datafield tag="520" ind1=" " ind2=" ">
    <subfield code="a">El prop&#xF3;sito principal del estudio consisti&#xF3; en determinar el nivel de conocimiento en los estudiantes de Educaci&#xF3;n Superior de la Rep&#xFA;blica Dominicana sobre la organizaci&#xF3;n y funciones de la Secretar&#xED;a de Estado de Educaci&#xF3;n Superior Ciencia y Tecnolog&#xED;a (SEESCyT). La metodolog&#xED;a que se utiliz&#xF3; fue de tipo descriptivo y exploratorio. El universo sobre el que se realiz&#xF3; la investigaci&#xF3;n fue el sistema de Educaci&#xF3;n Superior de la Rep&#xFA;blica Dominicana, distribuidos en los distintos centros de ense&#xF1;anza del pa&#xED;s sobre una poblaci&#xF3;n de 400 muestras.Los an&#xE1;lisis realizados indican que los estudiantes que demandan los servicios de la Secretar&#xED;a de Estado de Educaci&#xF3;n Superior Ciencia y Tecnolog&#xED;a (SEESCyT) tienen poco conocimiento tanto de la instituci&#xF3;n como de sus organismos y servicios, servicios que ofrecen, ubicaci&#xF3;n, entre otros.La investigaci&#xF3;n sugiere definir de forma mas clara las funciones que debe cumplir dicha instituci&#xF3;n entorno a la motivaci&#xF3;n, seguimiento de las iniciativas relacionadas con la Educaci&#xF3;n Superior, con la finalidad de aumentar el nivel de conocimiento la instituci&#xF3;n, destacando, entre otros, las facilidades y servicios que esta ofrece.</subfield>
  </datafield>
  <datafield tag="921" ind1=" " ind2=" ">
    <subfield code="a">16</subfield>
  </datafield>
  <datafield tag="922" ind1=" " ind2=" ">
    <subfield code="a">16</subfield>
  </datafield>
  <datafield tag="923" ind1=" " ind2=" ">
    <subfield code="a">0</subfield>
  </datafield>
  <datafield tag="924" ind1=" " ind2=" ">
    <subfield code="a">NO APLICA</subfield>
  </datafield>
  <datafield tag="942" ind1=" " ind2=" ">
    <subfield code="c">Tesis</subfield>
  </datafield>
  <datafield tag="999" ind1=" " ind2=" ">
    <subfield code="c">1963</subfield>
    <subfield code="d">1963</subfield>
  </datafield>
</record>
